000 00652nam a2200205Ia 4500
005 20260601193222.0
008 260601s9999||||xx |||||||||||||| ||und||
020 _a978-981-99-8211-0
_qebk
100 _aJi Su Park
245 0 _aParallel and Distributed Computing, Applications and Technologies
250 _a2024
260 _aHeidelberg, Germany
_bSpringer Nature
_c2024
440 _aLecture Notes in Electrical Engineering
650 _aComputer Science
700 _aHiroyuki Takizawa
700 _aHong Shen
700 _aJames J. Park
856 _uhttps://link.springer.com/openurl?genre=book&isbn=978-981-99-8211-0
942 _cEB
_2ddc
999 _c55834
_d55834